LEADER 00801nam0-22003011i-450- 001 990001349860403321 010 $a0-12-222695-X 035 $a000134986 035 $aFED01000134986 035 $a(Aleph)000134986FED01 035 $a000134986 100 $a20000920d1995----km-y0itay50------ba 101 0 $aeng 200 1 $aTunable Lasers Handbook$fEdited by F.J. Duarte 210 $aSan Diego [CA]$cAcademic Press$d1995 225 1 $aOptics and photonics 610 0 $aLaser 610 0 $aElettronica quantistica 676 $a537.2 700 1$aDuarte,$bFrank J.$060901 801 0$aIT$bUNINA$gRICA$2UNIMARC 901 $aBK 912 $a990001349860403321 952 $a27A-081$b5042$fFI1 959 $aFI1 996 $aTunable Lasers Handbook$9376153 997 $aUNINA DB $aING01 LEADER 01241nam0-22004211i-450- 001 990005561630203316 005 20110510045958.315 035 $a000556163 035 $aUSA01000556163 035 $a(ALEPH)000556163USA01 035 $a000556163 100 $a20110510d1970-------|0frac50------ba 101 $afre 102 $aFR 105 $a|||| ||||| 200 1 $aRisibles amours$fMilan Kundera$gtraduit du tchèque par François Kérel 205 $aNouvelle édition revue par l'auteur 210 $aParis$cGallimard$dc1970 215 $a225 p.$d21 cm 225 2$aFolio. - Paris 410 1$12001$aFolio. - Paris 454 1$1001USA20400$12001$a?me?né lásky$926674 620 $dParis 676 $a891.8635$cNarrativa ceca. 1900-$v22 700 1$aKUNDERA,$bMilan$0328616 702 1$aKÉREL,$bFrançois 712 $aGallimard 801 $aIT$bSOL$c20120104 912 $a990005561630203316 950 $aDIP.TO SCIENZE ECONOMICHE - (SA)$dDS 800 891.8635 KUN$eFPP261 DISES 951 $a800 891.8635 KUN$b261 DISES 959 $aBK 969 $aDISES 979 $c20121027$lUSA01$h1533 979 $c20121027$lUSA01$h1613 996 $aSmesné lásky$926674 997 $aUNISA NUM $aUSA20398 LEADER 00737nam0-22002771i-450 001 990004754850403321 005 20211018121203.0 035 $a000475485 035 $aFED01000475485 035 $a(Aleph)000475485FED01 035 $a000475485 100 $a19990530g19679999km-y0itay50------ba 101 0 $aita 105 $ay-------001yy 200 1 $aCaesar-Studien$fOtto Seel 210 $aStuttgart$cE. Klett$d1967. 215 $a136 p.$d23 cm 700 1$aSeel,$bOtto$0386071 702 1$aCaesar,$bGaius Iulius$f<100-44 a. C.> 801 0$aIT$bUNINA$gRICA$2UNIMARC 901 $aBK 912 $a990004754850403321 952 $aIX N 57$bBibl. 45112$fFLFBC 959 $aFLFBC 996 $aCaesar-Studien$9558328 997 $aUNINA